[Event "Voronezh op-B 19th"]
[Site "Voronezh"]
[Date "2015.06.21"]
[Round "9"]
[White "Sakorenko, Adriana"]
[Black "Ternovskiy, Alexey"]
[Result "1-0"]
[WhiteElo "1863"]
[BlackElo "1717"]
[PlyCount "35"]
[EventDate "2015.06.12"]
[EventType "swiss"]
[EventRounds "9"]
[EventCountry "RUS"]
[SourceTitle "CBM 167 Extra"]
[Source "ChessBase"]
[SourceDate "2015.09.14"]
[SourceVersion "1"]
[SourceVersionDate "2015.09.14"]
[SourceQuality "1"]

1. e4 g6 2. d4 Bg7 3. Nc3 a6 4. f4 b5 5. a3 d6 6. Nf3 Bb7 7. Be3 Nd7 8. e5 Nh6 9. h3 Nf5 10. Bf2 c5 11. exd6 Bxf3 12. Qxf3 Nxd4 13. Bxd4 Bxd4 14. Nd5 0-0 15. Nxe7+ Kh8 16. 0-0-0 Nb6 17. Nc6 Bf6 18. Nxd8 1-0

[Event "Voronezh op-B 19th"]
[Site "Voronezh"]
[Date "2015.06.15"]
[Round "4"]
[White "Ternovskiy, Alexey"]
[Black "Zakirov, Vladislav"]
[Result "1-0"]
[WhiteElo "1717"]
[BlackElo "1910"]
[PlyCount "95"]
[EventDate "2015.06.12"]
[EventType "swiss"]
[EventRounds "9"]
[EventCountry "RUS"]
[SourceTitle "CBM 167 Extra"]
[Source "ChessBase"]
[SourceDate "2015.09.14"]
[SourceVersion "1"]
[SourceVersionDate "2015.09.14"]
[SourceQuality "1"]

1. c4 Nf6 2. Nc3 g6 3. e4 d6 4. Nf3 Bg7 5. d4 0-0 6. h3 e5 7. dxe5 dxe5 8. Bg5 Qxd1+ 9. Rxd1 c6 10. Be2 Na6 11. 0-0 Nc5 12. Nd2 Ne6 13. Be3 Rd8 14. Nb3 Rxd1 15. Rxd1 Bf8 16. g4 Nd7 17. g5 Be7 18. Bg4 Ndf8 19. h4 b6 20. f3 Rb8 21. Kg2 Ba6 22. Bxe6 Nxe6 23. Rd7 Rb7 24. Rxb7 Bxb7 25. c5 Nxc5 26. Nxc5 bxc5 27. Na4 Ba6 28. Nxc5 Bc8 29. b4 Kf8 30. Nd3 Bd6 31. Bxa7 Be6 32. a4 Ke7 33. Bc5 Bxc5 34. bxc5 f6 35. gxf6+ Kxf6 36. Nb4 Bd7 37. a5 Ke6 38. a6 Bc8 39. a7 Bb7 40. Na6 Kd7 41. Nb8+ Kc7 42. Kg3 Ba8 43. Kg4 h6 44. h5 gxh5+ 45. Kxh5 Kb7 46. Nd7 Kxa7 47. Nxe5 Ka6 48. f4 1-0